000 00813nam a2200229Ia 4500
001 15214
003 GE_BSU
008 181216s||||||||xx |||||||||||||| ||und||
040 _cGE_BSU
080 _a821.353.1-2
100 _aშერვაშიძე, ამირან
245 _a”ვივა-კუბა”= ”Вива Куба”
245 _cშემდგ. მ.მჭედლიშვილი. მხატვ.ო.ჯიშკარიანი
260 _aთბილისი
260 _bხელოვნება
260 _c1977
300 _a170გვ.8ფ.ილ.22სმ.
520 _aპიესის სცენური ცხოვრება
653 _a”ვივა-კუბა”= ”Вива Куба”
653 _aპიესა
942 _cBK
999 _c48326
_d48326